000 00523nam a22001937a 4500
003 OSt
005 20241118204503.0
008 241118b |||||||| |||| 00| 0 eng d
020 _a9780435401214
040 _aDDC
_cMUST
082 _a650 SEL 2005.
100 _aSeliet Hala.
_919336
245 _aBTEC Introduction Business/
_cSeliet Hala.
260 _aEngland,:
_bHeinemann,
_c2005.
300 _avi,282p.:
_bill.,
_c26.4cm.
504 _aincludes Indexes
650 _aBusiness Management
_96027
942 _2ddc
_cO_SHELF
999 _c9482
_d9482